000
00330nam a22001457a 4500
003
SGT
082
_a
340,RAO
100
_a
RAO,S BHAGIRATHA,E.L.
245
_a
MARRIAGE LAWS & FAMILY COURTS ACT
250
_a
7TH
260
_a
HYDERABAD
_b
ASIA LAW HOUSE
_c
2009
300
_a
472
650
_a
FAMILY COURTS ACT
942
_2
ddc
_c
BK
999
_c
10480
_d
10480